| 000 | 00751cam a2200241 a 4500 | ||
|---|---|---|---|
| 001 | 000017458 | ||
| 005 | 20200929165123.0 | ||
| 008 | 771031s1967 sp 000 0 spa | ||
| 035 | _a(DLC) 75203753 | ||
| 040 |
_aDO-SdBNP _bspa _cDLC _dDLC _dBNPHU |
||
| 050 | 0 | 0 |
_aPQ6601.R5 _bA6 1967 |
| 082 |
_ann _bA749s |
||
| 100 | 1 |
_aArniches Carlos, _d1866-1943. _938174 |
|
| 245 | 1 | 3 |
_aLa señorita de Trevelez : _bLa heroíca villa, los milagros del jornal / _cCarlos Arniche. |
| 260 |
_aMadrid : _bTaurus, _c1967. |
||
| 300 |
_a288 p. ; _c19 cm. |
||
| 490 | 1 |
_aPrimer acto _aTeatro _v6 |
|
| 740 | 3 | _aLa heroíca villa. | |
| 740 | 4 | _aLos milagros del jornal. | |
| 830 | 0 |
_aPrimer acto _pTeatro _v6 _938175 |
|
| 910 | _aCatalogación derivada | ||
| 049 | _aBNGR | ||
| 999 |
_c16983 _d16983 |
||